书目信息 |
| 题名: |
曾国藩诗文集
|
|
| 作者: | 曾国藩 著 ;王澧华 校点 | |
| 分册: | ||
| 出版信息: | 上海 上海古籍出版社 2013.11 |
|
| 页数: | 20,13,581页 | |
| 开本: | 21cm | |
| 丛书名: | 中国近代文学丛书 | |
| 单 册: | ||
| 中图分类: | I222.752 , I265.2 | |
| 科图分类: | ||
| 主题词: | 古典诗歌--诗集--中国--清后期 , 古典散文--散文集--中国--清后期 , 古典诗歌 , 古典散文 | |
| 电子资源: | ||
| ISBN: | 978-7-5325-7079-9 | |
| 000 | 01094oam2 2200337 450 | |
| 001 | 0120131163314 | |
| 005 | 20140609164537.90 | |
| 010 | @a978-7-5325-7079-9@dCNY60.00 | |
| 100 | @a20131231d2013 em y0chiy0110 ea | |
| 101 | 0 | @achi |
| 102 | @aCN@b310000 | |
| 105 | @ac z 000zy | |
| 106 | @ar | |
| 200 | 1 | @a曾国藩诗文集@9zeng guo fan shi wen ji@f曾国藩著@g王澧华校点 |
| 210 | @a上海@c上海古籍出版社@d2013.11 | |
| 215 | @a20,13,581页@c肖像@d21cm | |
| 225 | 2 | @a中国近代文学丛书 |
| 300 | @a全国古籍整理出版规划领导小组资助出版 | |
| 330 | @a本书收录的作品主要包括:咏史五首、里胥、岁暮杂感十首、杂诗九首、送淩九归、送吴荣楷之官浙江三首、题钱仑仙同年慈竹平安图二首等。 | |
| 333 | @a文学爱好者 | |
| 461 | 0 | @12001 @a中国近代文学丛书 |
| 606 | 0 | @a古典诗歌@x诗集@y中国@z清后期 |
| 606 | 0 | @a古典散文@x散文集@y中国@z清后期 |
| 606 | 0 | @a古典诗歌 |
| 606 | 0 | @a古典散文 |
| 690 | @aI222.752@v5 | |
| 690 | @aI265.2@v5 | |
| 701 | 0 | @a曾国藩@9zeng guo fan@4著 |
| 702 | 0 | @a王澧华@9wang li hua@4校点 |
| 801 | 0 | @aCN@b人天书店@c20131231 |
| 905 | @b847235-37@dI222.752@e535@f3 | |
| 曾国藩诗文集/曾国藩著/王澧华校点.-上海:上海古籍出版社,2013.11 |
| 20,13,581页:肖像;21cm.-(中国近代文学丛书) |
| 全国古籍整理出版规划领导小组资助出版.-使用对象:文学爱好者 |
| ISBN 978-7-5325-7079-9:CNY60.00 |
| 本书收录的作品主要包括:咏史五首、里胥、岁暮杂感十首、杂诗九首、送淩九归、送吴荣楷之官浙江三首、题钱仑仙同年慈竹平安图二首等。 |
| ● |
| 相关链接 |
|
|
|
|
正题名:曾国藩诗文集
索取号:I222.752/535
 
预约/预借
| 序号 | 登录号 | 条形码 | 馆藏地/架位号 | 状态 | 备注 |
| 1 | 847235 | 208472357 | 第一样本阅览室/ [索取号:I222.752/535] | 在馆 | |
| 2 | 847236 | 208472366 | 第二借阅区/ [索取号:I222.752/535] | 在馆 | |
| 3 | 847237 | 208472375 | 密集书库-文学院/ [索取号:I222.752/535] | 在馆 |